000 00666nam a2200241Ia 4500
003 OSt
005 20220918182256.0
006 a|||||r|||| 00| 0
007 ta
008 220917b |||||||| |||| 00| 0 eng d
024 _a31,642
037 _cTextual
040 _aARTS
_cARTS
_beng
041 _2eng
_aeng
082 _aO-,3M11:g, L9
100 _aColby Robert A
_959953
245 0 _aThackeray's canvass of humanity
_b An author and his public
260 _acolumbus
_bOhio State
_c1979
300 _axiv, 485p.
_ccm.
650 _aENGLISH LITERATURE
942 _hO-,3M11:g, L9
_cTEXL
_2CC
999 _c168388
_d168388